Biblioteca y Centro de Documentación

El modelo y la organización específica de la gestión de la Seguridad Social (Registro nro. 42749)

Detalles MARC
000 -CABECERA
Longitud fija campo de control 01105naa a2200277 c 4500
001 - NÚMERO DE CONTROL
Número de control 42749
003 - IDENTIFICADOR DE NÚMERO DE CONTROL
Identificador del número de control ES-MaCES
005 - FECHA Y HORA DE LA ÚLTIMA TRANSACCIÓN
Fecha y hora de la última transacción 20140521113958.0
008 - CAMPO FIJO DE DESCRIPCIÓN FIJA--INFORMACIÓN GENERAL
Códigos de información de longitud fija   120509n2009 sp t 010 | spa d
035 ## - NÚMERO DE CONTROL DEL SISTEMA
Número de control del sistema CES20120003597v
040 ## - FUENTE DE CATALOGACIÓN
Centro catalogador de origen ES-MaCES
Lengua de catalogación spa
Centro transcriptor ES-MaCES
100 1# - ENCABEZAMIENTO PRINCIPAL--NOMBRE PERSONAL
Nombre de persona García-Perrote Escartín, Ignacio
9 (RLIN) 13032
245 13 - MENCIÓN DE TÍTULO
Título El modelo y la organización específica de la gestión de la Seguridad Social
Resto del título : las tendencias descentralizadoras
Mención de responsabilidad, etc. Ignacio García-Perrote Escartín y Jesús R. Mercader Uguina
504 ## - NOTA DE BIBLIOGRAFÍA, ETC.
Nota de bibliografía, etc. Bibliografía: p. 564-565
650 #4 - ASIENTO SECUNDARIO DE MATERIA--TÉRMINO DE MATERIA
Término de materia o nombre geográfico como elemento inicial España
9 (RLIN) 26964
650 #4 - ASIENTO SECUNDARIO DE MATERIA--TÉRMINO DE MATERIA
Término de materia o nombre geográfico como elemento inicial estrategia de gestión
9 (RLIN) 30591
650 #4 - ASIENTO SECUNDARIO DE MATERIA--TÉRMINO DE MATERIA
Término de materia o nombre geográfico como elemento inicial centralización
9 (RLIN) 27217
650 #4 - ASIENTO SECUNDARIO DE MATERIA--TÉRMINO DE MATERIA
Término de materia o nombre geográfico como elemento inicial administración de la seguridad social
9 (RLIN) 30264
650 #4 - ASIENTO SECUNDARIO DE MATERIA--TÉRMINO DE MATERIA
Término de materia o nombre geográfico como elemento inicial seguridad social
9 (RLIN) 27034
653 10 - TÉRMINO DE INDEXACIÓN--NO CONTROLADO
Término no controlado Seguridad Social
773 0# - ENTRADA DE DOCUMENTO FUENTE
Título La Seguridad Social a la luz de sus reformas pasadas, presentes y futuras
Parte(s) relacionada(s) p. 535-565 SR.- 6.0.1. - 54
Número de control del registro relacionado (ES-MaCES)21026
700 1# - ENCABEZAMIENTO SECUNDARIO--NOMBRE PERSONAL
9 (RLIN) 18447
Nombre de persona Mercader Uguina, Jesús R.
902 ## - CES. TIPO DE DOCUMENTO
Tipodoc (006$c Sirtex) ARL Artículo de libro
942 ## - ELEMENTOS KOHA
Fuente de clasificaión o esquema Clasificación propia del CES
Koha [por defecto] tipo de item Artículos (1982-2017)
Parte de clasificación 3.0.

No hay ítems disponibles.

© CES, Consejo Económico y Social de España 2021